| 000 | 00645nam a2200169Ia 4500 | ||
|---|---|---|---|
| 999 |
_c30865 _d30865 |
||
| 003 | GCL | ||
| 005 | 20240530102238.0 | ||
| 008 | 140319s9999 xx 000 0 ara d | ||
| 040 |
_aGCL / _cGCL |
||
| 082 | 0 | 4 |
_a252 _bاا |
| 100 | 1 | _aابن قيم الجوزية: شمس الدين ابو عبدالله محمد بن ابى بكر | |
| 245 | 1 | 0 |
_aاذكار اليوم والليلة / _cابن قيم الجوزية: شمس الدين ابو عبدالله محمد بن ابى بكر |
| 260 |
_a[S.N] : _bمكتبة التراث الاسلامى ، _c1985 |
||
| 300 | _a95 ص | ||
| 650 | 0 | 4 | _aالفقه الاسلامى |
| 942 |
_2ddc _cBK |
||